01170nac a22003257a 4500001001000000003000900010005001700019008003400036040005400070072000800124090001900132100002200151100001900173100002100192110006100213245014200274260003200416300000900448490009900457650001000556650001200566650001100578650001000589650000700599650000900606909004700615942001700662999001900679952014600698BR8901142BR-BrBNA20240105120921.0230509b bl.|||m| |||| 00| 0 por d aBR-BrBNAbporcBiblioteca Nacional de Agricultura aL01 a5240 BR89011421 aOliveira, N.M. de1 aMoraes, J.C.F.1 aSilveira, V.C.P.1 aCentro Nacional de Pesquisa de Ovinos, Bage, RS (Brasil)1 aEstudo sobre sistemas alternativos de tosquias e de manejo a paricao para producao de carne e la em ovinos Corriedale em pastagem natural3 aBage, RS (Brasil): c1988.  a3 p. aPesquisa em Andamento - Centro Nacional de Pesquisa de Ovinos (Brazil)vno. 13xISSN 0101-9740 aOVINO aTOSQUIA aMANEJO aCARNE aLA aBAGE a202312bLúcia Elandec55dLúcia Elande 2AGRISn0cMS c282169d282169 002AGRIS40708Acervo Gerala41918b41918cAGROBASEl0o5240 BR8901142p5240 BR8901142r2023-12-18yMSePortaria Interministerial nº 164/94